| 000 | 01762nam a2200373 i 4500 | ||
|---|---|---|---|
| 001 | 000000508 | ||
| 003 | DO-SdBNP | ||
| 005 | 20240228085405.0 | ||
| 007 | ta | ||
| 008 | 081112s2008 dr a 000 0 spa d | ||
| 020 | _a9789945855340 | ||
| 040 |
_aDO-SdBNP _bspa _cBNPHU _erda |
||
| 082 | 4 |
_a371.1 _bM826s _222 |
|
| 100 | 1 |
_aMoquete de la Rosa, Jacobo, _91678 _eautor |
|
| 245 | 1 | 0 |
_aSalomé Ureña de Henríquez en el sector educación / _cJacobo Moquete de la Rosa ; cuidado de edición, Clodomiro Moquete II ; prólogo Ana Dolores Guzmán de Camacho |
| 264 | 1 |
_aSanto Domingo : _bInstituto Superior de Formación Docente Salomé Ureña, _c2008. |
|
| 300 |
_a379 páginas : _bilustraciones ; _c23 cm. |
||
| 336 |
_2rdaconten _atexto _btxt |
||
| 337 |
_2rdamedia _asin mediación _bn |
||
| 338 |
_2rdacarrier _avolumen _bnc |
||
| 500 | _aIncluye datos biográficos del autor en la contracubierta | ||
| 500 | _aIncluye índices de materias y nombres | ||
| 504 | _aBibliografía : p. 361-365 | ||
| 505 |
_aPrólogo -- _tAspectos introductorios-- _tPrimera parte-- _tAspectos básicos generales _tSegunda parte-- _tInstituto de señoritas-- _tTercera parte-- _tSalomé en el ámbito pedagógico-- _tCuarta parte-- _tFin del instituto, muerte de Salomé y proceso de honra a su memoria histórica-- _tQuinta parte-- _tProyecciones y prospectivas. |
||
| 590 | _aLibro autografiado por el autor | ||
| 590 | _aInventariado, 2023/BT | ||
| 600 | 1 | 0 |
_aUreña de Henríquez, Salomé , _d1850-1897 _9920 |
| 650 | 4 |
_aEducación _zRepública Dominicana _9737 |
|
| 650 | 4 |
_aEducación _xEnseñanza _9692 |
|
| 700 | 1 |
_aMoquete II, Clodomiro, _91680 _ecuidado de edición |
|
| 700 | 1 |
_aGuzmán Camacho, Ana Dolores de, _eprólogo _937817 |
|
| 910 | _aBtavárez | ||
| 942 |
_2ddc _cLBS1 |
||
| 999 |
_c506 _d506 |
||